| 000 | 00634cab a2200205 4500 | ||
|---|---|---|---|
| 001 | WB3522-26 | ||
| 008 | 090401t1999 xxu||||| |||| 00| 0 eng d | ||
| 035 | _a(Sirsi) u93874 | ||
| 041 | _aeng | ||
| 245 | _aHousing association adopts IP-based system | ||
| 260 | _c1999 | ||
| 350 | _a0 | ||
| 490 |
_aFinancial Times _v9 June 1999 3:1 |
||
| 520 | _aThe Liverpool Housing Trust's adoption of an internet protocol (IP) based system has helped to improve service to tenants and reduce operating costs. | ||
| 650 | _aHOUSING ASSOCIATIONS | ||
| 650 | _aINTERNET-PROTOCOL | ||
| 690 | _aHOUSING | ||
| 942 | _n0 | ||
| 948 | _c10/06/1999 | ||
| 999 |
_c59496 _d59496 |
||